Formas constitucionales y fuerzas políticas
Guardat en:
| Autor principal: | |
|---|---|
| Format: | Llibre |
| Idioma: | espanyol |
| Publicat: |
Madrid
Tecnos
1961
|
| Col·lecció: | Ventana Abierta
|
| Matèries: | |
| Etiquetes: |
Afegir etiqueta
Sense etiquetes, Sigues el primer a etiquetar aquest registre!
|
MARC
| LEADER | 00000nam a2200000 a 4500 | ||
|---|---|---|---|
| 001 | UCT6304 | ||
| 003 | CL-VaPUC | ||
| 008 | 970106e19610000SP |||||||||||||||||spa|d | ||
| 082 | 0 | 4 | |a 320.011 |b JIM |2 21 |
| 100 | |a Jiménez de Parga, Manuel |e author |9 376322 | ||
| 245 | 1 | 0 | |a Formas constitucionales y fuerzas políticas |
| 300 | |a 309 p | ||
| 942 | |c BK | ||
| 945 | |d 19970106 00:00:00 |a paguirre | ||
| 260 | |a Madrid |b Tecnos |c 1961 | ||
| 650 | 0 | |a Política |9 255312 | |
| 650 | 0 | |a Ciencias Políticas |9 255201 | |
| 650 | 0 | |a Poder político |9 255509 | |
| 650 | 0 | |a Constituciones |9 255417 | |
| 650 | 7 | |a SISTEMAS POLITICOS |2 CL-VaPUC |9 376323 | |
| 650 | 0 | |a Etica política |9 255799 | |
| 650 | 0 | |a Partidos políticos |9 254999 | |
| 583 | |a last modification |c 19970106 00:00:00 |k Rodrigo Vera | ||
| 490 | 0 | |a Ventana Abierta | |
| 999 | |c 255019 |d 255017 | ||
| 952 | |0 0 |1 0 |4 0 |6 320_011000000000000_JIM_1961 |7 0 |8 A |9 277048 |a BIBDER |b BIBDER |d 2019-11-19 |i 1801597 |o 320.011 JIM 1961 |p 1801597 |r 2023-01-25 |w 2019-11-19 |y BK |k DER | ||